Protecting and promoting traditional kanowledge : system, national experiences and international dimensions

Bibliographic Details
Main Author: United Nations.
Format: Section = Libro
Language:Undetermined
Spanish
Published: New York Organización de las Naciones Unidas (ONU) 2004
Subjects:
LEADER 00617nam a2200181Ia 4500
008 240829s9999 xx 000 0 und d
040 |a BIBLIOTECA-RUPAP Ref 306.42 U58 
041 |a spa 
082 |a Ref 306.42 U58 
100 1 |a United Nations. 
245 1 0 |a Protecting and promoting traditional kanowledge : system, national experiences and international dimensions 
260 |a New York  |b Organización de las Naciones Unidas (ONU)  |c 2004 
300 |a 420 p. :il. 
650 7 |a SOCIOLOGIA DEL CONOCIMIENTO 
650 7 |b  CONOCIMIENTO - TRADICIONAL - DESARROLLO. I. Tít. 
942 |c BK  |2 ddc 
991 |a TEXTO 
999 |c 9172